000 00990nam a22002297a 4500
999 _c16738
_d16738
005 20251125232848.0
008 s2531 th tha d
040 _aNALT
041 _atha
100 0 _aชัยสิทธิ์ ตราชูธรรม
245 1 0 _aกรณีศึกษาปัญหาภาษีอากร (ศึกษาจากคำพิพากษาศาลฎีกาและหมายเหตุ)
260 3 _aกรุงเทพฯ :
_bประยูรวงศ์,
_c2531
300 _a259 หน้า ;
_b 26 ซม.
650 0 4 _aคดีภาษีอากร
650 0 4 _aคำพิพากษาฎีกา
650 0 4 _aภาษี -- คำพิพากษาศาลฎีกา
850 _aNALT
856 4 0 _uhttps://hdl.handle.net/20.500.14156/301984
_71
942 _cLB
_01
_2lcc
998 _j25
_k นีลวัสน์ อินทรักษา
090 _aKI92 ช445ก 2531